banner koha

Towards an open platform for supply chain management in the agribusiness sector (Registro n. 175191)

MARC details
000 -LÍDER
campo de controle de tamanho fixo 00850nas a2200277 4500
001 - NÚMERO DE CONTROLE
campo de controle BR0303038
003 - IDENTIFICADOR DO NÚMERO DE CONTROLE
campo de controle BR-BrBNA
005 - DATA E HORÁRIO DA ÚLTIMA TRANSAÇÃO
campo de controle 20231205103855.0
007 - CAMPO FIXO DE DESCRIÇÃO FÍSICA--INFORMAÇÃO GERAL
campo de controle de tamanho fixo ta
008 - CAMPO DE DADOS FIXOS--INFORMAÇÃO GERAL
campo de controle de tamanho fixo 230509b bl.|||p| |||| 00| 00por d
040 ## - FONTE DA CATALOGAÇÃO
Instituição da catalogação original BR-BrBNA
Idioma da catalogação por
Instituição que transcreveu o registro Biblioteca Nacional de Agricultura
041 ## - CÓDIGO DE IDIOMA
Código do idioma do texto/trilha sonora ou título diferente (En)
072 ## - CÓDIGO DE CATEGORIA DE ASSUNTO
Código de Categoria de Assunto C30
100 1# - ENTRADA PRINCIPAL--NOME PESSOAL
Nome pessoal Spinosa, L.M.
100 1# - ENTRADA PRINCIPAL--NOME PESSOAL
Nome pessoal Klen, A.A.P.
100 1# - ENTRADA PRINCIPAL--NOME PESSOAL
Nome pessoal Rabelo, R.J.
100 1# - ENTRADA PRINCIPAL--NOME PESSOAL
Nome pessoal Camarinha-Matos, L.M.
100 1# - ENTRADA PRINCIPAL--NOME PESSOAL
Nome pessoal Ferreira, A.C.
245 1# - TÍTULO
Título Towards an open platform for supply chain management in the agribusiness sector
650 ## - ASSUNTO--TERMO TÓPICO
Cabeçalho tópico ou nome geográfico INFORMÁTICA
650 ## - ASSUNTO--TERMO TÓPICO
Cabeçalho tópico ou nome geográfico TECNOLOGIA AGRÍCOLA
650 ## - ASSUNTO--TERMO TÓPICO
Cabeçalho tópico ou nome geográfico AGRIBUSINESS
773 0# - ENTRADA ANALÍTICA
Título Revista Brasileira de Agroinformática (Brazil)
ISSN - International Standard Serial Number ISSN 1517-3267
Partes relacionadas (May-Aug 1998), v. 1(1) p. 28-40
Número de controle do registro BR0303038
909 ## -
-- 202311
-- Lúcia
-- 55
-- Lúcia Elande
942 ## - ELEMENTOS DE ENTRADA ADICIONADOS (KOHA)
Fonte da classificação ou esquema de arquivamento na estante Classificação AGRIS
Ocultar no OPAC Não
Tipo de material Koha Analítica
Exemplares
Situação do descarte Fonte da classificação ou esquema de arquivamento na estante Situação física Não pode ser emprestado Biblioteca de origem Biblioteca atual Localização na estante Enumeração do periódico / cronologia Total de empréstimos Data de último acesso Número do exemplar Tipo de material Koha Fonte de aquisição
  Classificação AGRIS   Consulta local Biblioteca Nacional de Agricultura - Binagri Biblioteca Nacional de Agricultura - Binagri   (May-Aug 1998), v. 1(1) p. 28-40   29/11/2023 01 Periódicos Portaria Interministerial nº 164/94

BINAGRI

Telefone: (61)3218-2567/2388/3357/2097 - binagri@agro.gov.br

Ministério da Agricultura e Pecuária , Esplanada dos Ministérios, Bloco D, Anexo B, Brasília/DF, CEP: 70.043-900